00227 2200109 4500245002400000250001100024100001900035650001600054005001900070041001400089084001400103 aBUDAYA BETAWIhText aCet. 1 aHabibah Ababil aKarya Siswa a20250424092322 aIndonesia a081 HAB b